[Event "14 ème Open Noel TOUR du ROY"]
[Site "Charleville"]
[Date "2017.12.26"]
[Round "6.12"]
[White "Marini, Franck"]
[Black "Fauchart, Francois"]
[Result "1-0"]
[WhiteElo "1630"]
[BlackElo "1685"]
[PlyCount "40"]
[EventDate "2017.??.??"]

1. d4 d5 2. c4 c6 3. Nf3 Nf6 4. Nc3 e6 5. e3 Bd6 6. Bd3 O-O 7. O-O Be7 8. Qc2
g6 9. e4 b6 10. e5 Ne8 11. cxd5 exd5 12. Qd2 Ng7 13. Qh6 Ne6 14. Ne2 Re8 15.
Nf4 Bf8 16. Nxe6 Bxh6 17. Nxd8 Bxc1 18. Raxc1 Rxd8 19. b4 b5 20. Rfe1 h6 1-0

[Event "14 ème Open Noel TOUR du ROY"]
[Site "Charleville"]
[Date "2017.12.26"]
[Round "6.13"]
[White "Flamant, Jacky"]
[Black "Louis, Andre"]
[Result "1/2-1/2"]
[WhiteElo "1587"]
[BlackElo "1696"]
[PlyCount "38"]
[EventDate "2017.??.??"]

1. e4 e5 2. Nf3 Nc6 3. d4 exd4 4. Nxd4 Bc5 5. Nxc6 Qf6 6. Qd2 Qxc6 7. Nc3 Nf6
8. Bd3 O-O 9. b3 Re8 10. f3 d5 11. Bb5 Qe6 12. Bxe8 Qxe8 13. Nxd5 Nxd5 14. Qxd5
Bb6 15. Bb2 Be6 16. Qg5 Qf8 17. O-O-O h6 18. Qh4 a5 19. a4 Kh7 1/2-1/2

[Event "14 ème Open Noel TOUR du ROY"]
[Site "Charleville"]
[Date "2017.12.26"]
[Round "6.14"]
[White "Hacene, Ahmed"]
[Black "Laureys, Jo"]
[Result "1-0"]
[WhiteElo "1708"]
[BlackElo "1388"]
[PlyCount "69"]
[EventDate "2017.??.??"]

1. e4 g6 2. d4 d6 3. Nf3 Bg7 4. h3 c6 5. c3 Qc7 6. Bf4 e5 7. Bh2 Ne7 8. Na3 O-O
9. Be2 b5 10. O-O f5 11. Bd3 fxe4 12. Bxe4 Bf5 13. Qb3+ Kh8 14. Bxf5 Nxf5 15.
dxe5 dxe5 16. Rad1 Qe7 17. Rfe1 Nd7 18. Qc2 Rad8 19. Qe4 Qc5 20. Nc2 Nd6 21.
Qe2 Nf7 22. Nb4 a5 23. Nd3 Qc4 24. a3 Rfe8 25. Nd2 Qe6 26. Ne4 Qf5 27. Nec5
Nxc5 28. Nxc5 Rxd1 29. Rxd1 Qc8 30. Ne4 Qf5 31. g4 Qc8 32. Qf3 Qc7 33. g5 Rf8
34. h4 h6 35. h5 1-0

[Event "14 ème Open Noel TOUR du ROY"]
[Site "Charleville"]
[Date "2017.12.26"]
[Round "6.15"]
[White "Cieplucha, Yannis"]
[Black "Jacobs, Georges"]
[Result "0-1"]
[WhiteElo "1110"]
[BlackElo "1602"]
[PlyCount "56"]
[EventDate "2017.??.??"]

1. e4 c5 2. Nf3 e6 3. g3 d6 4. Bg2 Nc6 5. O-O Be7 6. d3 Bd7 7. Nc3 a6 8. a3 Nf6
9. Bd2 O-O 10. Na2 e5 11. b4 Bg4 12. c4 Qd7 13. bxc5 dxc5 14. Be3 Rfd8 15. Nc1
Nxe4 16. Qc2 Bxf3 17. Bxf3 Ng5 18. Bxg5 Bxg5 19. h4 Bxc1 20. Rfxc1 Qxd3 21.
Qxd3 Rxd3 22. Bd5 Kf8 23. Rcb1 Na5 24. Bxb7 Nxb7 25. Rxb7 Rc3 26. Re1 Re8 27.
Rb6 Rxa3 28. Rc6 Ra5 0-1

[Event "14 ème Open Noel TOUR du ROY"]
[Site "Charleville"]
[Date "2017.12.26"]
[Round "6.17"]
[White "Rolland, Camille"]
[Black "Toro, William"]
[Result "0-1"]
[WhiteElo "1153"]
[BlackElo "1440"]
[PlyCount "57"]
[EventDate "2017.??.??"]

1. d4 d5 2. c4 c6 3. Nc3 Nf6 4. Nf3 Bg4 5. Bg5 e6 6. Ne5 Bf5 7. e3 h6 8. Bh4 g5
9. Bg3 Nbd7 10. f3 Nxe5 11. Bxe5 Bd6 12. Qb3 Rb8 13. cxd5 cxd5 14. Qa4+ Kf8 15.
Bxf6 Qxf6 16. Qxa7 e5 17. Nb5 Bb4+ 18. Kf2 exd4 19. Qxb8+ Kg7 20. Qa7 dxe3+ 21.
Qxe3 Qxb2+ 22. Be2 Qc2 23. Qd4+ Kh7 24. Qxb4 Re8 25. Nd4 Qc8 26. Nxf5 Qxf5 27.
Qb1 Kg6 28. Qxf5+ Kxf5 29. Bd3+ 0-1

[Event "14 ème Open Noel TOUR du ROY"]
[Site "Charleville"]
[Date "2017.12.26"]
[Round "6.19"]
[White "De Andrade, Mathis"]
[Black "Habart, Thomas"]
[Result "1-0"]
[WhiteElo "1299"]
[BlackElo "1450"]
[PlyCount "43"]
[EventDate "2017.??.??"]

1. e4 c5 2. Nf3 d6 3. d4 cxd4 4. Nxd4 g6 5. Nc3 Bg7 6. f4 e5 7. Bb5+ Bd7 8. Nb3
exf4 9. Bxd7+ Nxd7 10. Bxf4 Ngf6 11. Qxd6 Nb6 12. Qe5+ Qe7 13. Qxe7+ Kxe7 14.
Bg5 Ke8 15. O-O-O Ng4 16. Nb5 Rc8 17. Nxa7 Nf2 18. Nxc8 f6 19. Bxf6 Nxd1 20.
Bxg7 Rg8 21. Nxb6 Rxg7 22. Kxd1 1-0

[Event "14 ème Open Noel TOUR du ROY"]
[Site "Charleville"]
[Date "2017.12.26"]
[Round "6.20"]
[White "Picot, Nathan"]
[Black "Vielle, Eric"]
[Result "1-0"]
[WhiteElo "1203"]
[BlackElo "1250"]
[PlyCount "45"]
[EventDate "2017.??.??"]

1. d4 d5 2. c4 dxc4 3. a4 e6 4. e3 Nf6 5. Bxc4 Nc6 6. Nf3 b6 7. Bb5 Bb7 8. Ne5
Qe7 9. Bxc6+ Bxc6 10. Nxc6 Qd6 11. Ne5 Qb4+ 12. Nc3 Ne4 13. O-O Nxc3 14. bxc3
Qxc3 15. Bd2 Qb2 16. Qc1 Qb3 17. Qc6+ Ke7 18. Qxa8 (18. Qxc7+ Kf6 19. Qxf7+ Kg5
20. f4+ Kh6 21. Ng4#) 18... Qc2 19. Bb4+ Kf6 20. Bxf8 Kf5 21. Qf3+ Kg5 22. Qg4+
Kf6 23. Nd7# 1-0

[Event "14 ème Open Noel TOUR du ROY"]
[Site "Charleville"]
[Date "2017.12.26"]
[Round "6.21"]
[White "Toro, Raphael"]
[Black "Decruyenaere, Pierre-Stephane"]
[Result "0-1"]
[WhiteElo "1280"]
[BlackElo "1255"]
[PlyCount "88"]
[EventDate "2017.??.??"]

1. d4 d5 2. Bf4 Nc6 3. e3 e6 4. Nf3 Nf6 5. Bd3 Bd6 6. Ne5 h6 7. Bb5 g5 8. Nxc6
bxc6 9. Bxc6+ Bd7 10. Bxa8 Qxa8 11. Bxd6 cxd6 12. Qf3 Ne4 13. O-O f5 14. Rd1
Rf8 15. Nd2 Bb5 16. Nxe4 dxe4 17. Qh5+ Ke7 18. Qxh6 g4 19. Qg7+ Ke8 20. Qg6+
Ke7 21. Qg5+ Ke8 22. Qh5+ Ke7 23. Qh7+ Ke8 24. Kh1 Rf7 25. Qg6 Ke7 26. Qg5+ Rf6
27. Qg7+ Rf7 28. Qg5+ Rf6 29. Rg1 Qh8 30. Qf4 Rh6 31. a4 Ba6 32. Ra3 e5 33.
dxe5 dxe5 34. Qg3 Kf6 35. Rc3 Kg5 36. f4+ exf3 37. gxf3 Bb7 38. e4 Bc8 39. Rc5
f4 40. Qg2 g3 41. Rd1 Rxh2+ 42. Kg1 Rxg2+ 43. Kxg2 Qh2+ 44. Kf1 Qf2# 0-1

[Event "14 ème Open Noel TOUR du ROY"]
[Site "Charleville"]
[Date "2017.12.26"]
[Round "7.1"]
[White "Joie, Sebastien"]
[Black "Smailovic, Omer"]
[Result "1/2-1/2"]
[WhiteElo "2363"]
[BlackElo "1995"]
[PlyCount "40"]
[EventDate "2017.??.??"]

1. Nf3 d5 2. g3 g6 3. c4 d4 4. b4 Bg7 5. d3 c5 6. Bg2 cxb4 7. a3 b3 8. Nbd2 Bd7
9. a4 Bc6 10. Nxb3 e5 11. O-O Ne7 12. Bg5 h6 13. Bxe7 Qxe7 14. Na5 Qc7 15. Nxc6
Nxc6 16. Qb3 O-O 17. Rab1 Rab8 18. Ne1 Kh7 19. Bd5 f5 20. Ng2 Ne7 1/2-1/2

[Event "14 ème Open Noel TOUR du ROY"]
[Site "Charleville"]
[Date "2017.12.26"]
[Round "7.2"]
[White "Boudry, William"]
[Black "Monceau, Etienne"]
[Result "0-1"]
[WhiteElo "2042"]
[BlackElo "1987"]
[PlyCount "148"]
[EventDate "2017.??.??"]

1. d4 d5 2. Bf4 c5 3. e3 Nf6 4. Nc3 a6 5. Nf3 Bg4 6. h3 Bxf3 7. Qxf3 Nc6 8. Qd1
e6 9. Be2 cxd4 10. exd4 Qb6 11. Na4 Qxd4 12. Qxd4 Nxd4 13. Bd3 Rc8 14. c3 Nb5
15. Kd2 Be7 16. Rhe1 O-O 17. g4 Rfd8 18. a3 Nd6 19. b4 Nde4+ 20. Ke2 b5 21. f3
Nxc3+ 22. Nxc3 Rxc3 23. Bd2 Rc6 24. a4 bxa4 25. Rxa4 Nd7 26. Bxa6 Nb6 27. Ra2
h6 28. b5 Rc4 29. Rc1 Bb4 30. Rac2 Ba3 31. Rxc4 Nxc4 32. Ra1 Bc5 33. Rc1 Bb6
34. Be1 Kf8 35. Bb4+ Kg8 36. Be1 Ra8 37. Bf2 Bxf2 38. Kxf2 Kf8 39. Rb1 Rb8 40.
Ke2 Ke7 41. Kd3 Kd6 42. f4 f6 43. Rf1 Na3 44. Ra1 Nc4 45. Rf1 Rb6 46. h4 e5 47.
fxe5+ Nxe5+ 48. Kd4 Nxg4 49. h5 Rb8 50. Rg1 f5 51. Rf1 Nf6 52. Rc1 Rb6 53. Rf1
Nxh5 54. Rxf5 Nf6 55. Rf1 Rb8 56. Rc1 h5 57. Rc6+ Kd7 58. Kc5 h4 59. b6 h3 60.
Bf1 h2 61. Bg2 Ke7 62. Rc7+ Nd7+ 63. Kxd5 Rxb6 64. Rc1 Rb4 65. Rf1 Rg4 66. Re1+
Kf8 67. Rh1 Rxg2 68. Ke4 Kf7 69. Kf3 Ra2 70. Rf1 Nf6 71. Kg3 g5 72. Kf3 Kg6 73.
Kg3 Ne4+ 74. Kh3 h1=Q+ 0-1

[Event "14 ème Open Noel TOUR du ROY"]
[Site "Charleville"]
[Date "2017.12.26"]
[Round "7.3"]
[White "Rouffignac, Tanguy"]
[Black "Pytel, Krzysztof"]
[Result "1-0"]
[WhiteElo "2274"]
[BlackElo "2304"]
[PlyCount "95"]
[EventDate "2017.??.??"]

1. e4 d5 2. exd5 Qxd5 3. Nc3 Qd6 4. d4 c6 5. Nf3 Bg4 6. Be2 Nf6 7. h3 Bxf3 8.
Bxf3 e6 9. Be3 Nbd7 10. O-O Be7 11. Qd3 O-O 12. a4 a5 13. Ra3 Qc7 14. Rb3 Rad8
15. Qe2 Rfe8 16. g3 Bd6 17. Ne4 Nxe4 18. Bxe4 Nf6 19. Bg2 Nd5 20. Bg5 Be7 21.
Bd2 Bf6 22. Rd1 b6 23. c4 Nb4 24. Bxb4 axb4 25. Rxb4 Bxd4 26. Qf3 Rd6 27. Rb3
Red8 28. Rbd3 e5 29. Qe2 g6 30. b4 Qa7 31. Qc2 c5 32. bxc5 bxc5 33. Bd5 Rb6 34.
Rf3 Rf8 35. Rb1 Rb4 36. Rxb4 cxb4 37. Qa2 Kg7 38. a5 f5 39. Rb3 Qe7 40. Qa4 Rb8
41. a6 Qc5 42. Qa2 e4 43. Kg2 h5 44. Qd2 Be5 45. Qe3 Bd4 46. Qf4 Re8 47. g4
fxg4 48. Qf7+ 1-0

[Event "14 ème Open Noel TOUR du ROY"]
[Site "Charleville"]
[Date "2017.12.26"]
[Round "7.4"]
[White "Decruyenaere, Robbert"]
[Black "Loiret, Stanislas"]
[Result "0-1"]
[WhiteElo "1779"]
[BlackElo "2225"]
[PlyCount "50"]
[EventDate "2017.??.??"]

1. e4 c5 2. Nf3 d6 3. d4 cxd4 4. Nxd4 Nf6 5. Nc3 a6 6. f3 e5 7. Nb3 Be6 8. Be3
Nc6 9. Qd2 d5 10. exd5 Nxd5 11. Nxd5 Qxd5 12. O-O-O Qxd2+ 13. Rxd2 Bb4 14. c3
Be7 15. Bd3 O-O-O 16. Rhd1 f5 17. Kc2 Rd5 18. a3 Kc7 19. c4 Rdd8 20. Bc5 Bc8
21. Be2 Rxd2+ 22. Rxd2 Rd8 23. Rxd8 Bxd8 24. Kd3 a5 25. a4 Bf6 0-1

[Event "14 ème Open Noel TOUR du ROY"]
[Site "Charleville"]
[Date "2017.12.26"]
[Round "7.5"]
[White "Pytel, Bozena"]
[Black "Van Malder, Dries"]
[Result "1/2-1/2"]
[WhiteElo "1882"]
[BlackElo "2018"]
[PlyCount "56"]
[EventDate "2017.??.??"]

1. Nf3 Nf6 2. d4 e6 3. e3 b6 4. Bd3 Bb7 5. Nbd2 c5 6. O-O Be7 7. b3 O-O 8. Bb2
d6 9. e4 cxd4 10. Nxd4 Nbd7 11. Re1 a6 12. c4 Qc7 13. Rc1 Ne5 14. Bf1 Nc6 15.
Re3 Rac8 16. N4f3 Rfd8 17. h3 Ne5 18. Nd4 Nc6 19. Nxc6 Bxc6 20. Rg3 Qb7 21. Qf3
b5 22. cxb5 Bxb5 23. Bc4 Rc7 24. Re1 Bxc4 25. Nxc4 Qb4 26. Re2 a5 27. a4 Rcd7
28. Bc3 Qc5 1/2-1/2

[Event "14 ème Open Noel TOUR du ROY"]
[Site "Charleville"]
[Date "2017.12.26"]
[Round "7.6"]
[White "Vande Ginste, Michiel"]
[Black "Londers, Jan"]
[Result "1-0"]
[WhiteElo "1757"]
[BlackElo "1740"]
[PlyCount "79"]
[EventDate "2017.??.??"]

1. e4 c5 2. Nf3 e6 3. d4 cxd4 4. Nxd4 Nf6 5. Nc3 Nc6 6. Qd3 Bb4 7. Bd2 O-O 8.
a3 Bxc3 9. Bxc3 d5 10. Nxc6 bxc6 11. e5 Ne4 12. Bd4 c5 13. Be3 a5 14. f3 Ba6
15. Qd1 Bxf1 16. Kxf1 f6 17. fxe4 fxe5+ 18. Kg1 Qh4 19. Bxc5 Qxe4 20. Qd2 Rfc8
21. Re1 Qc4 22. b4 axb4 23. axb4 Ra2 24. Qd3 Qxc2 25. Qxc2 Rxc2 26. h3 Ra8 27.
Kh2 Raa2 28. Reg1 e4 29. Ra1 e5 30. Rxa2 Rxa2 31. Rf1 g6 32. Rf8+ Kg7 33. Re8
Kf6 34. Rf8+ Ke6 35. Rf2 Rxf2 36. Bxf2 d4 37. Kg3 e3 38. Bxe3 dxe3 39. Kf3 Kd5
40. Kxe3 1-0

[Event "14 ème Open Noel TOUR du ROY"]
[Site "Charleville"]
[Date "2017.12.26"]
[Round "7.7"]
[White "Fleurentin, Arnaud"]
[Black "Halfaoui, Eddine"]
[Result "1/2-1/2"]
[WhiteElo "1796"]
[BlackElo "2005"]
[PlyCount "118"]
[EventDate "2017.??.??"]

1. c4 Nf6 2. Nc3 d6 3. g3 g6 4. Bg2 Bg7 5. Nf3 O-O 6. O-O e5 7. d3 c6 8. Bd2 h6
9. Rb1 a5 10. a3 Nbd7 11. b4 axb4 12. axb4 Qe7 13. e4 Re8 14. Nh4 Nf8 15. b5
Bd7 16. bxc6 Bxc6 17. f4 exf4 18. Bxf4 Nh5 19. Bd2 Qe5 20. Nf3 Qc5+ 21. Kh1 Nf6
22. Nb5 Bxb5 23. Rxb5 Qc7 24. Qb3 Re7 25. Rb1 Ne6 26. Be3 Ng4 27. Bb6 Qc8 28.
h3 Ne5 29. Nxe5 Bxe5 30. Bf2 h5 31. Qb4 Rd7 32. h4 Ra2 33. Kg1 Rc7 34. Bh3 Qa8
35. Bxe6 fxe6 36. d4 Rxf2 37. Kxf2 Bxd4+ 38. Kg2 b6 39. Re1 Bc5 40. Qc3 Rf7 41.
Rb2 e5 42. Rbe2 Bd4 43. Qd2 Qa3 44. Qg5 Qf3+ 45. Kh2 Kg7 46. Qc1 Bf2 47. Rxf2
Qxf2+ 48. Kh3 Rf3 49. Rg1 Qe3 50. Qd1 Qxe4 51. Qxd6 Qg4+ 52. Kh2 Rf2+ 53. Rg2
Rxg2+ 54. Kxg2 Qe2+ 55. Kh3 Qf1+ 56. Kh2 Qf6 57. Qd7+ Qf7 58. Qd6 Qf6 59. Qd7+
Kh6 1/2-1/2

[Event "14 ème Open Noel TOUR du ROY"]
[Site "Charleville"]
[Date "2017.12.26"]
[Round "7.8"]
[White "Marini, Franck"]
[Black "Leclere, Jean-Yves"]
[Result "1-0"]
[WhiteElo "1630"]
[BlackElo "1695"]
[PlyCount "95"]
[EventDate "2017.??.??"]

1. d4 Nf6 2. c4 c5 3. d5 e6 4. Nc3 exd5 5. cxd5 d6 6. Nf3 g6 7. e4 Bg7 8. Be2
O-O 9. O-O Re8 10. Qc2 a6 11. a4 b6 12. Bg5 h6 13. Bh4 Qc7 14. Nd2 Ng4 15. Bxg4
Bxg4 16. f3 Bc8 17. Bg3 Nd7 18. Nc4 Ne5 19. Nxe5 Bxe5 20. Bxe5 Rxe5 21. Qd2 Kh7
22. f4 Re7 23. f5 Bd7 24. fxg6+ fxg6 25. Rf6 g5 26. Qf2 Rg7 27. Rf1 Rag8 28.
Qg3 b5 29. Rxd6 Qa7 30. Rff6 Rg6 31. Rf7+ R6g7 32. Rdxd7 Qb6 33. Rxg7+ Rxg7 34.
Rxg7+ Kxg7 35. Qe5+ Kh7 36. Qe7+ Kh8 37. Qe8+ Kh7 38. Qc6 Qa7 39. Qf6 b4 40.
Ne2 c4+ 41. Qf2 Qb8 42. Qd4 c3 43. bxc3 b3 44. Qb4 Qa7+ 45. Nd4 Qf7 46. Qxb3
Qf4 47. Qb7+ Kg8 48. Qc8+ 1-0

[Event "14 ème Open Noel TOUR du ROY"]
[Site "Charleville"]
[Date "2017.12.26"]
[Round "7.9"]
[White "Francois, Gwladys"]
[Black "Mondeel, Paul"]
[Result "1-0"]
[WhiteElo "1738"]
[BlackElo "1508"]
[PlyCount "61"]
[EventDate "2017.??.??"]

1. e4 d6 2. d4 Nf6 3. Nc3 g6 4. Nf3 Bg7 5. Be2 O-O 6. O-O a6 7. a4 Nbd7 8. h3
b6 9. e5 dxe5 10. dxe5 Ne8 11. Qd5 Rb8 12. Rd1 Nd6 13. exd6 cxd6 14. Bg5 Nf6
15. Qd2 Qc7 16. Bh6 Bb7 17. Bxg7 Kxg7 18. Ne1 d5 19. Bf3 Rbd8 20. Qe2 e5 21. g3
Rfe8 22. g4 e4 23. Bh1 g5 24. Qe3 h6 25. Rd4 Kg6 26. Rad1 Re5 27. Rb4 h5 28.
gxh5+ Nxh5 29. Qxb6+ Qxb6 30. Rxb6+ Kf5 31. Rxb7 1-0

[Event "14 ème Open Noel TOUR du ROY"]
[Site "Charleville"]
[Date "2017.12.26"]
[Round "7.10"]
[White "Raguet, Boris"]
[Black "Hacene, Ahmed"]
[Result "0-1"]
[WhiteElo "1543"]
[BlackElo "1708"]
[PlyCount "52"]
[EventDate "2017.??.??"]

1. e4 Nf6 2. e5 Nd5 3. Bc4 e6 4. d4 Nb6 5. Bd3 d6 6. Nf3 Be7 7. Nc3 Nc6 8. a3
O-O 9. Ne2 f6 10. exd6 cxd6 11. O-O f5 12. Re1 e5 13. dxe5 dxe5 14. Nd2 e4 15.
Bc4+ Kh8 16. Ba2 Bd6 17. Nc4 Nxc4 18. Bxc4 Qc7 19. Ng3 Bd7 20. Bb3 Rad8 21. c3
Be8 22. Qc2 Bg6 23. Bg5 Rde8 24. Qe2 f4 25. Nf1 Ne5 26. f3 Qb6+ 0-1

[Event "14 ème Open Noel TOUR du ROY"]
[Site "Charleville"]
[Date "2017.12.26"]
[Round "7.11"]
[White "Prioux, Michel"]
[Black "Hoch, Anna"]
[Result "1-0"]
[WhiteElo "1689"]
[BlackElo "1412"]
[PlyCount "81"]
[EventDate "2017.??.??"]

1. c4 Nf6 2. g3 g6 3. Bg2 Bg7 4. Nc3 d6 5. d3 O-O 6. Nf3 e5 7. O-O Nc6 8. Bg5
h6 9. Bxf6 Bxf6 10. a3 Bg7 11. Rc1 Be6 12. b4 Qd7 13. Qd2 Bh3 14. Bxh3 Qxh3 15.
Nd5 Qd7 16. Ne1 f5 17. e3 g5 18. b5 Nd8 19. f4 c6 20. bxc6 bxc6 21. Nb4 Ne6 22.
Ng2 exf4 23. gxf4 a5 24. Na2 Qf7 25. Nc3 Qg6 26. Kh1 Qh5 27. Qe2 Qxe2 28. Nxe2
Bb2 29. Rb1 Bxa3 30. d4 Bb4 31. d5 cxd5 32. cxd5 Nc5 33. Nd4 Ne4 34. Rfc1 Nd2
35. Ra1 Rae8 36. Rc7 gxf4 37. Nxf4 Rxe3 38. Rg1+ Kh8 39. Ng6+ Kg8 40. Nxf8+
Kxf8 41. Ne6+ 1-0

[Event "14 ème Open Noel TOUR du ROY"]
[Site "Charleville"]
[Date "2017.12.26"]
[Round "7.12"]
[White "Charbau, Yanick"]
[Black "Vandervorst, Marc"]
[Result "1-0"]
[WhiteElo "1553"]
[BlackElo "1612"]
[PlyCount "51"]
[EventDate "2017.??.??"]

1. d4 g6 2. c4 Bg7 3. Nc3 d6 4. e4 Nf6 5. Be2 O-O 6. Nf3 a6 7. O-O c5 8. d5 Bg4
9. h3 Bxf3 10. Bxf3 b5 11. cxb5 axb5 12. Nxb5 Nbd7 13. Bg4 Ne8 14. Qc2 Nc7 15.
Nc3 Ne5 16. Be2 Na6 17. a3 Qb6 18. Be3 Nc7 19. Rab1 Qa5 20. a4 Rfb8 21. Nb5 Na6
22. b3 Nb4 23. Qd1 Nd7 24. f4 Qd8 25. g4 Rc8 26. g5 1-0

[Event "14 ème Open Noel TOUR du ROY"]
[Site "Charleville"]
[Date "2017.12.26"]
[Round "7.13"]
[White "Jacobs, Georges"]
[Black "Rolland, Camille"]
[Result "1-0"]
[WhiteElo "1602"]
[BlackElo "1153"]
[PlyCount "71"]
[EventDate "2017.??.??"]

1. e4 d5 2. exd5 Qxd5 3. Nc3 Qa5 4. d4 c6 5. Bd2 Qc7 6. Nf3 Bg4 7. Be2 Bxf3 8.
Bxf3 Nd7 9. O-O Ngf6 10. Re1 O-O-O 11. Qc1 e6 12. a4 Bd6 13. g3 h5 14. Bf4 h4
15. Bxd6 Qxd6 16. Qf4 Qxf4 17. gxf4 Nh5 18. Bxh5 Rxh5 19. Ne4 Nf6 20. c3 Nd5
21. Ng5 Nxf4 22. Nxf7 Rd7 23. Ne5 Re7 24. Re4 Nh3+ 25. Kg2 Ng5 26. Rg4 h3+ 27.
Kf1 Nh7 28. Ke2 c5 29. Rag1 cxd4 30. cxd4 Rc7 31. Rxg7 Rc2+ 32. Ke3 Rxb2 33.
Rg8+ Kc7 34. R8g7+ Kb6 35. Nc4+ Ka6 36. Nxb2 1-0

[Event "14 ème Open Noel TOUR du ROY"]
[Site "Charleville"]
[Date "2017.12.26"]
[Round "7.14"]
[White "Boudry, Rik"]
[Black "Flamant, Jacky"]
[Result "0-1"]
[WhiteElo "1322"]
[BlackElo "1587"]
[PlyCount "76"]
[EventDate "2017.??.??"]

1. e4 e6 2. d3 d5 3. Nd2 dxe4 4. Nxe4 Nd7 5. Nf3 Ngf6 6. Nc3 b6 7. g3 Bb7 8.
Bg2 Be7 9. O-O h6 10. Re1 c5 11. Ne5 Bxg2 12. Kxg2 Nxe5 13. Rxe5 O-O 14. b3 Qd4
15. Qe1 Bd6 16. Re2 Nd5 17. Bd2 Nb4 18. Be3 Qf6 19. Ne4 Qe7 20. a3 Nd5 21. Bd2
Rad8 22. Nxd6 Rxd6 23. f4 Qb7 24. Kg1 Ne7 25. Bc3 Rd5 26. Rd1 Nf5 27. Ba1 Nd4
28. Rf2 Rd7 29. b4 Nf3+ 30. Rxf3 Qxf3 31. Rd2 Qd5 32. g4 cxb4 33. axb4 a5 34.
c4 Qd6 35. bxa5 Qc5+ 36. Kh1 Qxa5 37. g5 hxg5 38. fxg5 Rxd3 0-1

[Event "14 ème Open Noel TOUR du ROY"]
[Site "Charleville"]
[Date "2017.12.26"]
[Round "7.15"]
[White "Fauchart, Francois"]
[Black "Louis, Andre"]
[Result "1-0"]
[WhiteElo "1685"]
[BlackElo "1696"]
[PlyCount "40"]
[EventDate "2017.??.??"]

1. e4 e5 2. Nf3 Nc6 3. Bb5 a6 4. Ba4 Nf6 5. O-O b5 6. Bb3 Be7 7. Re1 O-O 8. c3
d6 9. d4 Bg4 10. d5 Nb8 11. Bc2 c5 12. Be3 Nbd7 13. Nbd2 h6 14. h3 Bh5 15. a3
Qc7 16. g4 Bg6 17. Kh2 Rfb8 18. Nh4 Bxe4 19. Nxe4 Nxe4 20. Bxe4 Bxh4 1-0

[Event "14 ème Open Noel TOUR du ROY"]
[Site "Charleville"]
[Date "2017.12.26"]
[Round "7.16"]
[White "Menoux, Joachim"]
[Black "De Andrade, Mathis"]
[Result "0-1"]
[WhiteElo "1525"]
[BlackElo "1299"]
[PlyCount "59"]
[EventDate "2017.??.??"]

1. d4 Nf6 2. c4 g6 3. Nc3 d5 4. cxd5 Nxd5 5. Bd2 Bg7 6. e4 Nxc3 7. Bxc3 O-O 8.
Nf3 Nd7 9. Be2 Nf6 10. Bd3 c6 11. h3 Nh5 12. Qd2 Qc7 13. e5 Bh8 14. Qh6 Bg7 15.
Qg5 f6 16. Qe3 fxe5 17. dxe5 Nf4 18. Bc4+ Be6 19. Bxe6+ Nxe6 20. O-O Nf4 21.
Bd4 Bh6 22. Qb3+ Nd5 23. Rfe1 e6 24. Bc5 Rf5 25. Bd6 Qb6 26. Qxb6 Nxb6 27. Nd4
Bd2 28. Nxf5 Bxe1 29. Ne7+ Kf7 30. Rxe1 0-1

[Event "14 ème Open Noel TOUR du ROY"]
[Site "Charleville"]
[Date "2017.12.26"]
[Round "7.17"]
[White "Toro, William"]
[Black "Picot, Nathan"]
[Result "0-1"]
[WhiteElo "1440"]
[BlackElo "1203"]
[PlyCount "68"]
[EventDate "2017.??.??"]

1. d4 d5 2. Nf3 c6 3. Bf4 Nf6 4. e3 Bf5 5. c4 Nh5 6. g3 Nxf4 7. gxf4 e6 8. Nc3
Nd7 9. cxd5 cxd5 10. Nh4 Qxh4 11. Rc1 Be7 12. Bb5 Rd8 13. Qa4 a6 14. Bxd7+ Rxd7
15. Ne2 Bd8 16. Rg1 g6 17. Ng3 Qe7 18. f3 O-O 19. e4 dxe4 20. fxe4 Bg4 21. Rh1
Bh3 22. Rc3 Bb6 23. Rd3 Rc8 24. Ne2 Bg4 25. h4 Bxe2 26. Kxe2 Rdc7 27. Kd2 a5
28. a3 Qf6 29. Ke3 Rc1 30. Rh2 Re1+ 31. Re2 Rxe2+ 32. Kxe2 Qxf4 33. h5 Qg4+ 34.
Kd2 Qxh5 0-1

[Event "14 ème Open Noel TOUR du ROY"]
[Site "Charleville"]
[Date "2017.12.26"]
[Round "7.18"]
[White "Laureys, Jo"]
[Black "Cieplucha, Yannis"]
[Result "1-0"]
[WhiteElo "1388"]
[BlackElo "1110"]
[PlyCount "43"]
[EventDate "2017.??.??"]

1. d4 d5 2. Nf3 Nc6 3. b3 g6 4. Bb2 Bg7 5. e3 Nf6 6. a3 O-O 7. Nbd2 Rb8 8. Bd3
b5 9. O-O e6 10. a4 b4 11. Bb5 Qd6 12. Re1 a6 13. Bf1 a5 14. Bb5 Nd8 15. Ne5 c6
16. Bf1 Ne8 17. Ndf3 f6 18. Nd3 e5 19. dxe5 fxe5 20. Nfxe5 Bxe5 21. Bxe5 Qd7
22. Bxb8 1-0

[Event "14 ème Open Noel TOUR du ROY"]
[Site "Charleville"]
[Date "2017.12.26"]
[Round "7.19"]
[White "Habart, Thomas"]
[Black "Calaresu, Tony"]
[Result "0-1"]
[WhiteElo "1450"]
[BlackElo "1344"]
[PlyCount "60"]
[EventDate "2017.??.??"]

1. d4 e6 2. g3 d5 3. Nf3 Nf6 4. Bg2 Bd6 5. Nc3 O-O 6. O-O b6 7. Bg5 c5 8. Nb5
Be7 9. c3 Ba6 10. a4 Nc6 11. Bf4 Bxb5 12. axb5 Na5 13. Be5 c4 14. Qc2 h6 15.
Nd2 Bd6 16. Bxd6 Qxd6 17. b3 cxb3 18. Nxb3 Nc4 19. Nd2 Nxd2 20. Qxd2 Qc7 21.
Rfc1 Qc4 22. Qc2 Qxb5 23. c4 Qd7 24. Ra4 Rac8 25. Qa2 Rc7 26. Bh3 b5 27. Rb4
dxc4 28. e3 Rb8 29. Qc2 Qd6 30. Bf1 Qxb4 0-1

[Event "14 ème Open Noel TOUR du ROY"]
[Site "Charleville"]
[Date "2017.12.26"]
[Round "7.20"]
[White "Vielle, Eric"]
[Black "Decruyenaere, Pierre-Stephane"]
[Result "0-1"]
[WhiteElo "1250"]
[BlackElo "1255"]
[PlyCount "46"]
[EventDate "2017.??.??"]

1. e4 e5 2. Nf3 Nc6 3. Bc4 Bc5 4. O-O Nf6 5. d3 O-O 6. Nc3 d6 7. Bg5 h6 8. Bh4
Nd4 9. Nd5 g5 10. Bg3 (10. Nxg5 hxg5 11. Bxg5) 10... c6 11. Nxf6+ Qxf6 12. Nxd4
Bxd4 13. c3 Bb6 14. Qh5 Be6 15. Bxe6 fxe6 16. Qh3 Rad8 17. a4 a5 18. Kh1 Qg6
19. b3 Ra8 20. Rab1 Bd8 21. d4 g4 22. Qh4 Bxh4 23. Bxh4 Qxe4 0-1

[Event "14 ème Open Noel TOUR du ROY"]
[Site "Charleville"]
[Date "2017.12.26"]
[Round "7.21"]
[White "Regnier, Cedric"]
[Black "Toro, Raphael"]
[Result "1-0"]
[WhiteElo "1479"]
[BlackElo "1280"]
[PlyCount "43"]
[EventDate "2017.??.??"]

1. d4 d5 2. Nf3 Bf5 3. c4 c6 4. e3 Nf6 5. b3 e6 6. Bb2 Bd6 7. Nbd2 Nbd7 8. cxd5
cxd5 9. Nh4 Be4 10. f3 Bg6 11. Nxg6 fxg6 12. Bd3 O-O 13. O-O e5 14. e4 Qb6 15.
Kh1 Bc7 16. exd5 Nxd5 17. Bc4 Qd6 18. Ne4 Qe6 19. dxe5 Bxe5 20. Bxd5 Bxb2 21.
Bxe6+ Kh8 22. Rb1 1-0

[Event "14 ème Open Noel TOUR du ROY"]
[Site "Charleville"]
[Date "2017.12.26"]
[Round "7.6"]
[White "Vande Ginste, Michiel"]
[Black "Londers, Jan"]
[Result "1-0"]
[WhiteElo "1757"]
[BlackElo "1740"]
[PlyCount "79"]
[EventDate "2017.??.??"]

1. e4 c5 2. Nf3 e6 3. d4 cxd4 4. Nxd4 Nf6 5. Nc3 Nc6 6. Qd3 Bb4 7. Bd2 O-O 8.
a3 Bxc3 9. Bxc3 d5 10. Nxc6 bxc6 11. e5 Ne4 12. Bd4 c5 13. Be3 a5 14. f3 Ba6
15. Qd1 Bxf1 16. Kxf1 f6 17. fxe4 fxe5+ 18. Kg1 Qh4 19. Bxc5 Qxe4 20. Qd2 Rfd8
21. Re1 Qc4 22. b4 axb4 23. axb4 Ra2 24. Qd3 Qxc2 25. Qxc2 Rxc2 26. h3 Ra8 27.
Kh2 Raa2 28. Rhg1 e4 29. Ra1 e5 30. Rxa2 Rxa2 31. Rf1 g6 32. Rf8+ Kg7 33. Re8
Kf6 34. Rf8+ Ke6 35. Rf2 Rxf2 36. Bxf2 d4 37. Kg3 e3 38. Bxe3 dxe3 39. Kf3 Kd5
40. Kxe3 1-0